<?xml version="1.0" encoding="UTF-8"?><?xml-stylesheet type="text/xsl" href="static/style.xsl"?><OAI-PMH xmlns="http://www.openarchives.org/OAI/2.0/" xmlns:xsi="http://www.w3.org/2001/XMLSchema-instance" xsi:schemaLocation="http://www.openarchives.org/OAI/2.0/ http://www.openarchives.org/OAI/2.0/OAI-PMH.xsd"><responseDate>2026-06-02T12:27:22Z</responseDate><request verb="GetRecord" identifier="oai:riuma.uma.es:10630/25672" metadataPrefix="marc">https://riuma.uma.es/rest/oai/request</request><GetRecord><record><header><identifier>oai:riuma.uma.es:10630/25672</identifier><datestamp>2026-02-03T12:24:40Z</datestamp><setSpec>com_10630_2254</setSpec><setSpec>col_10630_37959</setSpec></header><metadata><record xmlns="http://www.loc.gov/MARC21/slim" xmlns:dcterms="http://purl.org/dc/terms/" xmlns:doc="http://www.lyncode.com/xoai" xmlns:xsi="http://www.w3.org/2001/XMLSchema-instance" xsi:schemaLocation="http://www.loc.gov/MARC21/slim http://www.loc.gov/standards/marcxml/schema/MARC21slim.xsd">
   <leader>00925njm 22002777a 4500</leader>
   <datafield ind2=" " ind1=" " tag="042">
      <subfield code="a">dc</subfield>
   </datafield>
   <datafield ind2=" " ind1=" " tag="720">
      <subfield code="a">Toscano-Moreno, Manuel</subfield>
      <subfield code="e">author</subfield>
   </datafield>
   <datafield ind2=" " ind1=" " tag="720">
      <subfield code="a">Bravo-Arrabal, Juan</subfield>
      <subfield code="e">author</subfield>
   </datafield>
   <datafield ind2=" " ind1=" " tag="720">
      <subfield code="a">Sánchez-Montero, Manuel</subfield>
      <subfield code="e">author</subfield>
   </datafield>
   <datafield ind2=" " ind1=" " tag="720">
      <subfield code="a">Serón-Barba, Javier</subfield>
      <subfield code="e">author</subfield>
   </datafield>
   <datafield ind2=" " ind1=" " tag="720">
      <subfield code="a">Vázquez-Martín, Ricardo</subfield>
      <subfield code="e">author</subfield>
   </datafield>
   <datafield ind2=" " ind1=" " tag="720">
      <subfield code="a">Fernández-Lozano, Juan Jesús</subfield>
      <subfield code="e">author</subfield>
   </datafield>
   <datafield ind2=" " ind1=" " tag="720">
      <subfield code="a">Mandow, Anthony</subfield>
      <subfield code="e">author</subfield>
   </datafield>
   <datafield ind2=" " ind1=" " tag="720">
      <subfield code="a">García-Cerezo, Alfonso José</subfield>
      <subfield code="e">author</subfield>
   </datafield>
   <datafield ind2=" " ind1=" " tag="260">
      <subfield code="c">2022</subfield>
   </datafield>
   <datafield ind2=" " ind1=" " tag="520">
      <subfield code="a">Cloud robotics and the Internet of robotic things (IoRT) can boost the performance of human-robot cooperative&#xd;
teams in demanding environments (e.g., disaster response, mining, demolition, and nuclear sites) by allowing timely information sharing between agents on the field (both human and robotic) and the mission control center. In previous works, we defined an Edge/Cloud-based IoRT and communications architecture for heterogeneous multi-agent systems that was&#xd;
applied to search and rescue missions (SAR-IoCA). In this paper, we address the integration of a remote mission control&#xd;
center, which performs path planning, teleoperation and mission supervision, into a ROS network. Furthermore, we present the UMA-ROS-Android app, which allows publishing smartphone sensor data, including audio and high definition images from the rear camera, and can be used by responders for requesting a robot to the control center from a geolocalized&#xd;
field position. The app works up to API 32 and has been shared for the ROS community. The paper offers a case study&#xd;
where the proposed framework was applied to a cooperative casualty evacuation mission with professional responders and&#xd;
an unmanned rover with two detachable stretchers in a highfidelity exercise performed in Malaga (Spain) in June 2022.</subfield>
   </datafield>
   <datafield ind1="8" ind2=" " tag="024">
      <subfield code="a">@inproceedings{ToscanoMorenoSSRR2022,   title={Integrating {ROS} and {A}ndroid for Rescuers in a Cloud Robotics Architecture: Application to a Casualty Evacuation Exercise},   author={Toscano-Moreno, M. and Bravo-Arrabal, J. and S\'anchez-Montero, M. and {Ser\'on Barba}, J. and V\'azquez-Mart\'in, R. and Fern\'andez-Lozano, J.J. and Mandow, A. and Garc\'ia-Cerezo, A.},   booktitle={IEEE International Symposium on Safety, Security, and Rescue Robotics},   year={2022},   pages={1--7} }</subfield>
   </datafield>
   <datafield ind1="8" ind2=" " tag="024">
      <subfield code="a">https://hdl.handle.net/10630/25672</subfield>
   </datafield>
   <datafield tag="653" ind2=" " ind1=" ">
      <subfield code="a">Robótica</subfield>
   </datafield>
   <datafield ind2="0" ind1="0" tag="245">
      <subfield code="a">Integrating ROS and Android for Rescuers in a Cloud Robotics Architecture: Application to a Casualty Evacuation Exercise</subfield>
   </datafield>
</record>
</metadata></record></GetRecord></OAI-PMH>